000 00832nam a2200229Ii 4500
003 JO-AjNU
008 230605s9999||||xx |||||||||||||| ||und||
017 _a2007/7/2262
020 _a978-9957-24-305-0
040 _aJO-AjNU
_bara
_erda
_cJO-AjNU
041 _aara
050 1 4 _aHQ515 .D33 2008
100 3 _aتأليف: الداهري، صالح حسن احمد,
_eauthor
_930966
245 0 0 _aاساسيات الارشاد الزواجي والاسري
250 _aط1
264 3 1 _aعمان: دار صفاء للنشر والتوزيع، 2008
300 _a288ص
_bيحتوي ببلوغرافية من ص 277-288ص
336 _atext
_btxt
_2rdacontent
337 _aunmediated
_bn
_2rdamedia
338 _avolume
_bnc
_2rdacarrier
650 4 _aالاسرة - الزواج - التنشئة الاجتماعية
_930967
999 _aA12334
_c15902
_d15902